Responses for show #1345 - Friday, June 8, 1990

Missing FJ! round response for Russ.

Contestants

Dean Heller, a lawyer originally from Augusta, Georgia

Russ Harris, a writer originally from Lincoln, Nebraska

Meg Weglarz, a designer from Mt. Lebanon, Pennsylvania (whose 1-day cash winnings total $6,900)

Jeopardy! Round responses

RULERS
TEXANS
BIRDS
ODDS & ENDS
TRAVEL & TOURISM
COMPLETES THE PLAY TITLE
    $100 9
Portugal

Dean
    $100 6
Debbie Allen

Russ
    $100 18
(Russ: What are seeds?)
(Dean: What are worms or grubs?)

insects

RussDean
Triple Stumper
    $100 17
calf

Dean
    $100 14
Greece

Meg
    $100 1
Exercise

Russ
    $200 10
Catholicism

Dean
    $200 7
Dan Rather

Russ
    $200 19
(Meg: What is a tree?)

ground

MegDean
    $200 24
Peter Falk

Meg
    $200 15
visa

Russ
    $200 2
(Alex: Remember your phrasing, please.)

Chicago

Russ
    $300 11
Augustus Caesar

Dean
    $300 8
(Howard) Hughes

Dean
    $300 20
(Meg: What is a diving bird? Waterfowl?)
(Alex: Diving bird? No.)
[Meg's response was later deemed acceptable.]

diving bird (duck)

MegDean
    $300 25
edge

Dean
    $300 16
Italy

Meg
    $300 3
Friend

Triple Stumper
    $900 12
Jerusalem

Dean
    $400 28
(Dean: Who is Joe Johnson?)

Jack Johnson

RussDean
    $400 21
(Dean: Uh, what is a pelican?)

migration routes

MegDean
    $400 26
World Series

Dean
    $400 22
French

Russ
    $400 4
Himself

Russ
    $500 13
Belgium

Dean
    $500 29
Waylon Jennings

Russ
    $500 30
perigrine

Dean
    $500 27
tin

Meg
    $500 23
Mount Rushmore

Meg
    $500 5
Horseback

Triple Stumper

Scores at the first commercial break (after clue 16):

Meg Russ Dean
$400 $1,200 $2,300

Scores at the end of the Jeopardy! Round:

Meg Russ Dean
$2,100 $2,400 $3,200

Double Jeopardy! Round responses

AUTHORS
ISLANDS
HERBS & SPICES
AMERICAN HISTORY
ANATOMY
MIDDLE NAMES
    $200 11
Waugh

Russ
    $200 21
Vancouver

Dean
    $200 1
oregano

Meg
    $200 6
Niagara Falls

Dean
    $200 26
larynx

Russ
    $200 16
Rupert

Meg
    $400 12
Henry James

Russ
    $400 22
(Meg: What are the Canary Islands?)

Azores

MegRuss
    $400 2
licorice

Russ
    $400 7
Alaska

Meg
    $400 27
membranes

Meg
    $400 17
Kellogg

Meg
    $600 13
(Russ: Who is Simeon?)

Georges Simenon

Russ
    $600 23
Malta

Dean
    $600 3
curry

Russ
    $600 8
Progressive Party

Russ
    $600 28
ear canals

Dean
    $600 18
French

Russ
    $1,700 14
Mary Wollstonecraft

Russ
    $800 24
Campobello

Dean
    $800 4
(Meg: What is juniper?)

clove

Meg
Triple Stumper
    $800 9
Panama Canal

Dean
    $800 29
(Dean: What is the little intestine?)

stomach

Dean
Triple Stumper
    $3,500 19
(Alex: John [*] Dulles, Dulles International. You are right.)

Foster

Russ
    $1000 15
Lawrence (of Arabia)

Russ
    $1000 25
Cyprus

Russ
    $1000 5
nutmeg

Triple Stumper
    $1000 10
(Meg: Who is John D. Rockefeller?)

Cornelius Vanderbilt

Meg
Triple Stumper
    $1000 30
(Dean: What is the tongue?)

eye

Dean
Triple Stumper
    $1000 20
Russell

Triple Stumper

Scores at the end of the Double Jeopardy! Round:

Meg Russ Dean
$1,500 $13,600 $4,600
(lock game)

[wagering suggestions for these scores]

Final Jeopardy! Round responses

THE CALENDAR
MegWhat is Sunday Thursday and Monday
$1,400
DeanWhat is the [start of something illegible]
$3,000
Russ[response unknown]
$4,300
Tuesday, Wednesday & Thursday

Final scores:

Meg Russ Dean
$100 $9,300 $1,600
3rd place: Berkline Wallaway sofa & Nintendo Entertainment System with Family & Junior editions of Jeopardy! & Wheel of Fortune New champion: $9,300 2nd place: trip on Delta to Washington, D.C. & stay at Hotel Washington

Game dynamics:

Coryat scores:

Meg Russ Dean
$1,500 $10,000 $4,100
12 R,
4 W
22 R
(including 2 DDs),
1 W
18 R
(including 1 DD),
5 W

Combined Coryat: $15,600

The J! Archive is created by fans, for fans. The Jeopardy! game show and all elements thereof, including but not limited to copyright and trademark thereto, are the property of Jeopardy Productions, Inc. and are protected under law. This website is not affiliated with, sponsored by, or operated by Jeopardy Productions, Inc. Join the discussion at JBoard.tv.